|
|
|
|
| LEADER |
00000cam a2200000 a 4500 |
| 001 |
110664 |
| 003 |
Ucuenca |
| 005 |
20231024063028.0 |
| 008 |
013111|2009 sp |||||r|||||||||||spa|| |
| 020 |
|
|
|a 978-970-729-295-6
|
| 020 |
|
|
|a 970-729-295-4
|
| 040 |
|
|
|b spa
|
| 041 |
0 |
|
|a es
|
| 082 |
0 |
|
|a 616.89
|
| 100 |
1 |
|
|a Campos Paredes, Carolina
|9 114240
|
| 245 |
|
|
|a Trastornos del espectro autista
|c Carolina Campos Paredes
|h imp
|
| 250 |
|
|
|a 1a ed. 1a reimpresión
|
| 264 |
|
|
|a México
|b El Manual Moderno
|c 2009
|
| 300 |
|
|
|a xiii; 185 páginas:
|c 23 cm
|
| 504 |
|
|
|a incl. ref.
|
| 505 |
0 |
|
|a Introducción histórica -- Los inicios y las controversias -- La búsqueda de la etiología -- Los primeros instrumentos diagnósticos y el diagnóstico diferencial -- Los primeros tratamientos: los primeros intentos -- Estado actual – Prevalencia -- Antecedentes generales -- Investigaciones etiopatológicas -- Condiciones médicas generales -- Condiciones psicológicas-psiquiátricas asociadas -- Evaluación y abordajes terapéuticos -- Terapéutica farmacológica e intervenciones afines -- Los cuadros clínicos -- Trastorno autista -- Trastorno de Rett -- Trastorno desintegrativo infantil -- Trastorno de Asperger -- Trastorno generalizado del desarrollo no especificado (incluyendo autismo atípico) -- Detección e intervención temprana -- Especialistas en la salud de la infancia -- ¿Qué se espera de ellos? – Conclusión.
|
| 520 |
3 |
|
|a Los trastornos del espectro autista son muy variados y comprenden una amplia gama de patologías; por ello uno de los mayores retos tanto a nivel nacional como internacional, es asegurar la temprana detección de este mal, pues se ha determinado que un diagnóstico e intervención oportunos son muy valiosos en el tratamiento de esta patología. Trastornos del espectro autista es una obra que representa una herramienta valiosa para todos los involucrados en la detección, el diagnóstico y el tratamiento del espectro autista. Contiene cuadros de diagnóstico basados en las fuentes más especializadas y en la propia experiencia de la autora, psicoterapeuta especializada en autismo
|
| 650 |
|
7 |
|a Enfermedades
|9 14736
|
| 650 |
|
0 |
|a Autismo
|9 31319
|
| 650 |
|
0 |
|a Diagnostico y tratamiento
|9 91384
|
| 852 |
|
|
|a UC-CDJBV
|f Compra
|l 1
|m General
|p 20131115
|q 38.00
|r 2
|t 110664
|w DIUC
|y 466484
|b 0
|d CDRC
|e CDRC
|g 616.89 SEGUNDO PISO
|z 2013-31-11
|
| 942 |
|
|
|c BK
|0 8
|2 ddc
|r ivan.verdugo@ucuenca.edu.ec
|
| 999 |
|
|
|c 67342
|d 67342
|